مم (Record no. 5347)

MARC details
000 -LEADER
fixed length control field 00901nam a22002417a 4500
005 - DATE AND TIME OF LATEST TRANSACTION
control field 20081106163555.0
008 - FIXED-LENGTH DATA ELEMENTS--GENERAL INFORMATION
fixed length control field 081106t xxu||||| |||| 00| 0 ur d
010 ## - LCCN (DPL NO)
LC control number UR-7352
020 ## - INTERNATIONAL STANDARD BOOK NUMBER
International Standard Book Number 8182232813
Terms of availability 100.00
035 ## - SYSTEM CONTROL NUMBER
System control number U-5907
037 ## - SOURCE OF ACQUISITION
Source of stock number/acquisition D.B.Act / Pub
082 ## - DEWEY DECIMAL CLASSIFICATION NUMBER
Classification number ن
100 ## - MAIN ENTRY--PERSONAL NAME
Personal name غضنفر
245 ## - TITLE STATEMENT
Statement of responsibility, etc غضنفر
Title مم
Remainder of title نا ول
246 ## - VARYING FORM OF TITLE
Title proper/short title Mum
Remainder of title by Ghazanfar
260 ## - PUBLICATION, DISTRIBUTION, ETC. (IMPRINT)
Place of publication, distribution, etc دھلی
Name of publisher, distributor, etc ايجو کيشنل پبليشنگ ہا ؤس
Date of publication, distribution, etc 2007
270 ## - ADDRESS
Address 3108،وکيل اسٹر يٹ کو چہ پنڈ ت لال کنو اں
City دھلی
Postal code 110006
Telephone number 23216162
Fax number 009101123211540
Electronic mail address info@ephbooks.com,ephdelhi@yahoo.com
300 ## - PHYSICAL DESCRIPTION
Extent 103p
Dimensions 22cm (Pbk)
650 ## - SUBJECT ADDED ENTRY--TOPICAL TERM
Topical term or geographic name as entry element Novel
650 ## - SUBJECT ADDED ENTRY--TOPICAL TERM
Topical term or geographic name as entry element نا ول
942 ## - ADDED ENTRY ELEMENTS (KOHA)
Institution code [OBSOLETE] dpl
Item type Urdu Bks
Call number prefix
Source of classification or shelving scheme Dewey Decimal Classification
Classification part ن
Call number suffix غ ض ن
Holdings
Withdrawn status Lost status Source of classification or shelving scheme Damaged status Not for loan Collection code Home library Current library Date acquired Cost, normal purchase price Total Checkouts Full call number Barcode Date last seen Copy number Cost, replacement price Koha item type
    Dewey Decimal Classification   Not For Loan Non-fiction D.B.Act.Division D.B.Act.Division 06/11/2008 100.00   ن غ ض ن U-5907 15/09/2008 1 100.00 Urdu Bks

© Delhi Public Library
Hit Counter
free hit counter